[Event "Bundesliga 0506"]
[Site "Germany"]
[Date "2006.02.19"]
[Round "11.2"]
[White "Fridman, Daniel"]
[Black "Van Wely, Loek"]
[Result "0-1"]
[WhiteElo "2564"]
[BlackElo "2648"]
[Annotator "Stohl,I"]
[PlyCount "78"]
[EventDate "2005.10.21"]
[EventType "team-tourn"]
[EventRounds "15"]
[EventCountry "GER"]
[SourceTitle "CBM 112"]
[Source "ChessBase"]
[SourceDate "2006.06.07"]
[SourceVersion "1"]
[SourceVersionDate "2006.06.07"]
[SourceQuality "1"]
[WhiteTeam "Muelheim Nord"]
[BlackTeam "Porz"]
[WhiteTeamCountry "GER"]
[BlackTeamCountry "GER"]

1. c4 Nf6 2. Nc3 g6 3. g3 Bg7 4. Bg2 O-O 5. Nf3 d6 6. O-O e5 7. d4 Nbd7 8. e4
a6 9. d5 b5 ({The most logical continuation, but another plausible follow-up is
} 9... Ne8 10. Qc2 (10. Ne1 f5 11. f4 exf4 12. Bxf4 Nc5 13. Nd3 Nxe4 14. Nxe4
fxe4 15. Bxe4 Bh3 16. Re1 Bd4+ 17. Kh1 Nf6 18. Bg5 Qd7 19. Bxf6 Rxf6 $36 20.
Nf4 $2 Bf2 $17 {Mohd,A-Gadjily,R/Dubai op/2002/}) (10. Bd2 c5 11. a4 a5 $5 12.
h4 Ndf6 13. Ne1 Nh5 14. Qe2 Nef6 15. Nc2 Ng4 16. Ne3 Bh6 17. Nxg4 Bxd2 18. Qxd2
Bxg4 19. Nb5 Qe7 20. Ra3 Bd7 21. Rb3 b6 22. Qh6 Bxb5 23. Rxb5 Rab8 24. Bh3 Ng7
25. Re1 f5 $132 {/=,Huebner,R-Gallagher,J/Baden/1999/}) 10... c5 11. a4 Qe7 (
11... a5 $142 $5) 12. a5 Nc7 13. Nh4 Rb8 14. Bd2 Bf6 15. Nf3 Bg7 16. Ne1 f5 17.
Nd3 Ne8 {Hulak,K-Movsesian,S/CRO-chT Pula/1999/} 18. f4 $14) 10. cxb5 ({
Interesting is keeping the tension with} 10. b4 $5 Nb6 (10... bxc4 11. Nd2 Nb6
12. a4 $5 $36) (10... a5 $142 $5) 11. Nd2 a5 12. a4 $1 bxa4 13. b5 Nfd7 14.
Nxa4 f5 15. Ba3 Rf6 16. Nb2 Bh6 17. Re1 Bb7 18. Nb3 a4 19. Nc1 Rf7 20. Ncd3
fxe4 21. Bxe4 Qg5 22. Bg2 Raf8 23. Re2 Bc8 24. Qc2 Nf6 25. Rae1 Qh5 26. c5 $16
{Hulak,K-Sasikiran,K/Jakarta/2001/}) 10... axb5 11. b4 Nb6 12. Qd3 $146 {
Although the ><b5 seems just about to drop off, Black has enough <=>,
especially in connection with a timely Na4. We can see it not only in this
game:} (12. Re1 Bd7 13. Bg5 $5 (13. Bf1 Na4 $1 14. Qc2 Qb8 15. Bg5 Nxc3 16.
Qxc3 Rc8 17. Nd2 c6 18. dxc6 Bxc6 19. Qf3 Nd7 20. Nb3 Nf8 21. Na5 Bd7 22. Qd3
Ne6 23. Be3 Nd4 $13 {/=/+,Belov,V-Khismatullin,D/RUS-chT Sochi/2005/}) 13... h6
(13... Na4) (13... Qe8 $5) 14. Bxf6 Qxf6 (14... Bxf6 15. Bf1 Qe8 16. Qe2 $36)
15. Nd2 Qg5 (15... c6 $5 $132) 16. Nb3 f5 17. Na5 h5 18. Qd3 f4 19. Nxb5 f3 20.
Bh1 Bxb5 21. Qxb5 Bh6 22. Re3 Qg4 {Bratchenko,A-Solovjov,S/St Petersburg/2003/}
23. Bxf3 $5 Rxf3 24. h3 Rxf2 25. hxg4 Bxe3 26. Kh1 $14) (12. Qe2 Bd7 13. Bg5
Qe8 14. Nd2 h5 (14... Na4 15. Rfc1 h6 16. Be3 c6 $5 $132) 15. Bxf6 Bxf6 16. h4
Bg7 17. Rfc1 Bh6 18. Rc2 f5 19. exf5 gxf5 20. Bf3 e4 21. Bxh5 Qe5 $44 {Semkov,
S-Volke,K/Albena/1987/}) 12... Bd7 13. Rd1 Na4 $1 $11 14. Nxa4 Rxa4 15. a3 Qa8
{[%cal Ra4b4] /\Rb4} (15... c6 $5 16. dxc6 Bxc6 17. Bg5 Qa8 $1 (17... Bxe4 18.
Qxb5 (18. Bxf6 $2 Bxd3 19. Bxd8 Rxd8 20. Rxd3 e4 $19) 18... Qa8 19. Rxd6 Nd5
20. Rd8 $5 Rxb4 21. Rxa8 Rxb5 22. Rxf8+ Kxf8 23. a4 Ra5 24. Bd2 $14 {[%csl Ga4]
o^a4}) 18. Bxf6 Bxe4 19. Qxb5 (19. Qxd6 Ra6 $36) 19... Bxf6 20. Rxd6 Be7 21.
Rdd1 Bxb4 $11 (21... Re8 $5 $13 {[%cal Ye4c6] /\Bc6})) 16. Bb2 Bh6 {Black
decides to play on the >>, but with two major pieces on the <->a it makes more
sense to open the [+]:} (16... c6 $142 $5 17. dxc6 Bxc6 $11 {/=/+}) 17. Nd2 Qa7
{[%cal Rf6g4,Rf7f5] /\Ng4,f5->} 18. Rf1 Nh5 (18... Ng4 $6 19. h3 {/\} Nxf2 20.
Rxf2 Be3 21. Raf1 f5 22. exf5 gxf5 (22... Rxf5 23. Ne4 $16) 23. Qe2 $16) 19.
Nb3 f5 20. exf5 gxf5 (20... Rxf5 21. Bh3 $16) 21. Na5 $13 {With the sidelined
Ra4 Black's chances for a >>-> are doubtful and the position is double-edged
to say the least.} Qb6 (21... f4 $5) 22. Ra2 $6 {This move is difficult to
understand, once the position opens up, the Ra2 will be also offside.} (22. Kh1
$14) (22. Bh3 $5) 22... f4 $1 $36 23. Be4 (23. Kh1 Bf5 {/\} 24. Be4 $2 fxg3 $1
25. Bxf5 g2+ $19) 23... fxg3 24. hxg3 (24. Bxh7+ $6 Kh8 25. hxg3 Nxg3 $1 (25...
Bh3 $2 26. Qg6 Bxf1 27. Bd4 $1 $40) 26. Qxg3 Kxh7 $40) 24... Rf7 (24... Nf6 25.
Bf5 Bxf5 26. Qxf5 Kh8 $13) 25. Kh1 (25. Kg2 Nf6 $36) 25... Bg4 (25... Nf6 $15)
26. f4 $6 (26. Kg2 Nf6 27. f4 $5 $132) 26... Bh3 27. Rg1 (27. Bg2 $2 Bxg2+ 28.
Kxg2 Rg7 $19) 27... Nf6 $1 (27... Qf2 $2 28. Qf3 $16) 28. fxe5 (28. Bf3 e4 $5
29. Bxe4 Nxe4 30. Qxe4 Qf2 $44 {->}) 28... dxe5 $1 (28... Nxe4 29. Qxe4 Qxa5 $2
30. e6 Re7 31. Bf6 $18) (28... Ng4 $2 29. Bd4 $18) 29. Bxe5 $5 {[%mdl 64] Now
the idea from the previous note works, but this tactical solution seems to be
White's best chance in a tough position.} (29. Bf5 Ng4 $1 {/\} (29... Bxf5 30.
Qxf5 Qd6 31. Qxe5 Qxe5 32. Bxe5 Nxd5 $15) 30. Bc3 Rxa3 $1 31. Bxg4 Bxg4 32.
Rxa3 Bf3+ 33. Rg2 Qf2 $19) (29. Nc6 Qf2 $36) 29... Nxe4 30. Qxe4 Qxa5 31. Qh4 (
31. Rh2 $2 Bf5 $1 32. Qxf5 (32. Qd4 Qb6 33. Qxb6 Be4+ $19) 32... Rxf5 33. bxa5
Be3 34. Bxc7 Bxg1 35. Kxg1 Rxd5 {[%cal Ra4a3] /\Ra3-+}) 31... Qa8 $1 {[]} 32.
Rd1 $2 {White is too ambitious, he should have gone for the modest, but still
playable} (32. Qxh3 $142 Qxd5+ 33. Rgg2 Rf1+ 34. Kh2 Qxe5 35. Qxh6 Rf5 36. Qc1
$15) 32... Rxa3 $1 (32... Be6 33. Qxh6 Bxd5+ 34. Kh2 Ra6 35. Bf6 $5 Raxf6 36.
Qg5+ $11) (32... Rf1+ 33. Rxf1 Qxd5+ 34. Kh2 Qxa2+ 35. Kxh3 Qe6+ 36. Kg2 $11)
33. Qxh6 (33. Rxa3 Qxa3 {[%cal Ra3f3] /\Qf3-+}) 33... Rxa2 34. Qxh3 $2 (34.
Qg5+ $142 Kf8 35. Qh6+ Ke8 36. Qxh3 Ra6 $17 {at least keeps Blakc's K in a
more dangerous place.}) 34... Ra6 $19 35. Kg1 Rg6 {[%cal Ra8a2] /\Qa2 Now the
game is over, as Black's K is safe and his R reenters the fray with decisive
effect.} 36. Bd4 Qxd5 37. Kh2 Qf5 38. Qh4 Qg5 39. Qh3 $138 (39. Qxg5 $8 Rxg5
$19) 39... Rh6 0-1

[Event "EU-Cup 24th"]
[Site "Kallithea"]
[Date "2008.10.22"]
[Round "6"]
[White "Inarkiev, Ernesto"]
[Black "Greenfeld, Alon"]
[Result "1-0"]
[WhiteElo "2669"]
[BlackElo "2560"]
[Annotator "Inarkiev,E"]
[PlyCount "71"]
[EventDate "2008.10.17"]
[EventType "team-swiss"]
[EventRounds "7"]
[EventCountry "GRE"]
[SourceTitle "CBM 127"]
[Source "ChessBase"]
[SourceDate "2008.11.13"]
[SourceVersion "1"]
[SourceVersionDate "2008.11.13"]
[SourceQuality "1"]
[WhiteTeam "Alkaloid"]
[BlackTeam "Beer Sheva"]
[WhiteTeamCountry "MKD"]
[BlackTeamCountry "ISR"]

{This is the kind of game which changes your mind. The critical moments of
this game were around an idea, which both players didn't consider as a serious
one... not a very typical situation for a grandmaster game.} 1. d4 Nf6 2. c4 g6
{Alon Greenfeld has a lot of opening weapons in his bag; the King's Indian is
one of them.} 3. Nf3 Bg7 4. g3 O-O 5. Bg2 d6 6. O-O Nbd7 7. Nc3 e5 8. e4 exd4
9. Nxd4 Re8 10. b3 $5 {A rare move; h2-h3 and b2-b3 are typical, useful moves
in this variation.} c6 11. Bb2 $6 {This quite natural move allows Black to
start dangerous counterplay.} ({Better is} 11. h3 $5) 11... Nc5 $1 12. Qc2 a5
$1 {Now Black has the idea Qb6 and a5-a4. It's not easy for White both to
prevent this idea and also to continue normal development. Now we can see,
that if there were no bishop on b2, then on Qb6 White could simply reply Rb1,
preventing a5-a4.} 13. Rad1 Qb6 $1 14. a3 $2 {With the idea to meet ...a5-a4
with b3-b4. Intuitively I didn't like this move, but I didn't want to give
Black the chance to open the a-file either.} ({If White ignores Black's idea,
then Black will have easy play} 14. h3 $6 a4 15. Rfe1 axb3 16. axb3 Nfd7 $15) (
{I declined} 14. Ba3 $6 {because of} Bg4 $1 15. f3 ({Worse is} 15. Rd2 $6 Bh6
$1 16. f4 Bg7 $1 $17) 15... Nfxe4 $1 {The position is complicated, but Black
has a strong initiative.} {For example:} 16. Nce2 ({worse is} 16. fxg4 $2 Nxc3
17. Qxc3 Ne6 18. Bb2 Nxd4 19. Rxd4 Re2 20. Rfd1 Rae8 $17) {Here Black can
choose from different promising opportunities; maybe the simplest is} 16... Ne6
$5 (16... a4 $5) (16... Nf6 17. fxg4 Nxg4 18. Bc1 a4) 17. Bb2 Nf6 18. fxg4 Nxg4
19. Qd3 a4 {Two pawns, and a lot of threats are more then enough compensation
for the piece.} {For example:} 20. Kh1 ({if} 20. h3 {then} Nc5 21. Qf3 Ne5 22.
Qc3 Ned3 $17) 20... Nc5 21. Qf3 Ne5 22. Qf4 axb3 23. axb3 Ncd3 24. Rxd3 Nxd3
25. Qxf7+ Kh8 26. Bc3 Rf8 $17) ({Probably, it is time to start the defence} 14.
Nde2 $5 a4 15. Nc1 {Black is better here also, but White's position is more
flexible.}) {The critical moment of the game. The obvious minus of White's
setup is the weakness of the b3-pawn, the obvious, and the only one. If Black
does not find a way to exploit it, then White's position will be simply good.}
14... Bd7 $2 ({It is the same story after} 14... Bg4 $2 15. f3 $1 Bd7 (15...
Nfxe4 $2 {doesn't work here:} 16. fxg4 Nxc3 17. Bxc3 Nxb3 18. Qf2 $18) 16. Kh1)
({To attack the b3-pawn, we should remove the defender - the knight on d4.
There are two possibilities to attack the d4-knight.} 14... Ng4 $6 {This move
is good enough, but here White has the defence} 15. Nb1 $1 {and if} Nxb3 {then}
16. Nxb3 Bxb2 17. Qxb2 a4 18. Qd4 $1 Qxb3 19. Rd3 c5 ({or} 19... Qa2 20. Rd2
Qb3 21. Rb2 $5 (21. Rd3 $11) 21... c5 22. Rxb3 {- 19...c5 20.Rb3.}) 20. Rxb3
cxd4 21. Rd3 {with an equal endgame} Be6 22. Nd2 Rac8 23. Rxd4 Ne5 $11) ({
The best is} 14... Nfd7 $1 {The threat is simple - take on d4, and then on b3!
During the game I did, of course, consider this possibility, but thought that
the pawn on d6 was hanging, and that even if White did lose his b3-pawn, there
would be good compensation because of the strong dark-squared bishop. This is
a typical evalution for most King's Indian positions: the dark-squared bishop
is more important than material. Probably, my opponent thought the same way,
but here it is a hard task for White to find even equality.} 15. Nce2 {In
order to protect the pawn.} ({Another way to do it just bad} 15. Na4 $6 Nxa4
16. bxa4 Nc5 $17) ({Let us see what will happen, if White simply sacrifices
the pawn} 15. h3 Bxd4 16. Rxd4 Qxb3 17. Qe2 ({The exchange of queens obviously
is in Black's favour} 17. Qxb3 $2 Nxb3 18. Rxd6 Ne5 $17) 17... Ne5 $17 {
The problem is not only in the b-pawn, but also is that White can't protect
the c-pawn. Such play is possible because Black has very active pieces; if
Black did not have initiative, he would simply be mated.} {To see how
dangerous the position is, let's check} 18. f4 $5 Be6 $1 {Other moves, leads
to very unclear play} ({If} 18... Ned3 $6 19. Ba1 Be6 {then} 20. Rb1 $1 Qxa3
21. Qd1 $13 {and if} Nb4 {then} 22. f5 $1 Bd7 23. Rxd6 $16) ({Or} 18... Ne6 $6
19. fxe5 $1 Nxd4 20. Qf2 Be6 21. exd6 $36 {and White has a strong initiative.
For example:} c5 ({If} 21... Nc2 {then} 22. Na4 $16) ({or} 21... Ne2+ 22. Qxe2
Bxc4 23. Qf2 Bxf1 24. Bxf1 $16) 22. Nb5 Nxb5 23. cxb5 h5 24. Qf6 Qe3+ 25. Kh2
Qh6 26. Qf2 $14 {(/\Bf6, e4-e5). Here we see, that the dark-squared bishop is
stronger than the rook.}) 19. fxe5 dxe5 20. Rd2 Bxc4 $19 {All this moves were
played in Karlsson Lars 2460 - Rantanen Yrjo A 2465 , Helsinki 1981 It (22),
but finally the game was drawn.}) {Now Black has a blow} 15... Nxb3 $1 16. Nb5
$1 {The best chance.} (16. Nxb3 {is worse} Bxb2 17. Qxb2 a4 18. Rxd6 axb3 $17)
16... cxb5 17. Bxg7 Kxg7 ({Also strong is} 17... bxc4 $5 18. Bc3 Ne5 19. Nf4
Be6 $17) 18. Qxb3 bxc4 $17 {This position arose in the game Gulko Boris F (USA)
2585 - Kalinitschew Sergey (GER) 2503, Moscow (Russia) 1982, and after} 19.
Qxc4 Ne5 20. Qd4 Ra6 $6 ({Black could save the advantage after} 20... Qxd4 21.
Nxd4 Bd7 22. Rb1 Rab8 23. Nb5 Nc4 $17) 21. Rb1 Qxd4 22. Nxd4 Nc4 23. Rfc1 Rb6
24. Rb5 Bd7 {a draw was agreed.}) 15. Kh1 $5 {White starts an interesting plan.
First of all, White wants to protect the e-pawn by f2-f3.} Re7 $6 $146 {
Only this move is a novelty.} ({In the game Stein Bernd 2340 - Vogt Lothar
2475 , Copenhagen 1989 It (open) "Obro" Black chose} 15... Rad8 {and suddenly
the game was drawn} 16. Rd2 (16. f3 $5) 16... Bh6 17. Rdd1 Bg7 18. Rd2 Bh6 {
1/2-1/2}) ({Here is already not a good moment to attack the b3-pawn} 15... Ng4
$6 {after} 16. h3 Bxd4 $6 (16... Nf6 $142) 17. Rxd4 Qxb3 18. Qxb3 $1 Nxb3 19.
Rxd6 Ne5 20. Nd1 $1 {White has advantage} Nc5 21. Bd4 $14) 16. f3 $1 $14 {
The position has stabilised, and despite the fact, that Black has placed his
pieces well, the space advantage gives White a comfortable edge.} Rae8 {
Black finishes his plan, but with the pawn on f3 this attack is not effective.}
17. Bc1 $1 {The bishop hadn't any work to do on b2, and it's a good moment to
redeploy it.} Bc8 {Black has good pieces, but hasn't a good plan, and he has
to concentrate on resistance to White's ideas.} 18. Be3 ({Another interesting
idea is} 18. Bf4 $5 Rd8 19. Rf2 $1 {(/\Rfd2).}) 18... Nfd7 ({Just bad} 18... d5
$2 19. cxd5 Nxd5 ({worse is} 19... cxd5 20. Ndb5 $18) 20. Nxd5 cxd5 {Here
White has a pleasant choice} 21. b4 ({also good is} 21. Nf5 Bxf5 22. Bxc5 Qc7
23. Qc1 dxe4 24. Bxe7 Qxe7 25. fxe4 Be6 26. Rd3 $16) 21... axb4 22. axb4 Qxb4
23. Nc6 bxc6 24. Bxc5 Qb7 25. Bxe7 Qxe7 26. exd5 $16) 19. Bg1 $6 {Right plan,
but wrong move!} ({The accurate move order would be} 19. Rb1 $1 Ne5 20. Rfd1 {
with play similar to the game.}) 19... Nb8 $2 {Black don't seize his chance.} (
{Again Black should exchange the dark-squared bishop} 19... Bxd4 $1 {and again,
the main point is that White is not ready for the play on the queenside.} 20.
Rxd4 Qxb3 21. Qxb3 ({It's hard to imagine, that with bishop on g1 White will
create real threats to the black king; otherwise there's no point in saving
the queens.} 21. Qc1 $6 Ne5 22. Rxd6 Ncd3 23. Qa1 Nb2 24. c5 Nec4 $17) 21...
Nxb3 22. Rxd6 Ne5 23. c5 Nc4 $1 {Black has to be accurate} (23... Rd7 $2 {
is wrong:} 24. Rb1 $1 Nd2 25. Rd1 Nec4 26. Rxd7 Bxd7 27. Nb1 Nxb1 28. Rxd7 {
with advantage for White} Nbxa3 ({or} 28... Rb8 29. a4 Nc3 30. Bf1 $16) 29.
Rxb7 Ra8 30. Bf1 $16) 24. Rd3 ({Also possible is} 24. Rb1 $5 Nxc5 $1 (24...
Nbd2 $2 {leads to the position from the variation - 23...Rd7 24.Rb1 Nd2 25.
Rbd1 Nec4.} 25. Rd1 Rd7 ({if} 25... Nb3 {then} 26. Na4 $1 Be6 27. Nb6 $16)) 25.
Bxc5 Re5 $1 26. Bd4 $5 ({A position which is close to draw, but with some
initiative for Black will occur after} 26. Nd5 cxd5 27. Rxd5 Rxd5 28. exd5 b6
29. Bg1 Bb7 $5) 26... Nxd6 27. Bxe5 Rxe5 28. Rd1 Re6 $13 {White has some
initiative, but at same time, it is White who has to show the way to equality.}
{For example:} 29. Na4 b5 30. Nb6 Ba6 31. Nd7 Nb7 32. Nb8 Nc5 33. Rd8+ Kg7 34.
Bh3) ({Interesting is} 24. Rfd1 $5 Be6 ({After} 24... Nxd6 25. cxd6 Rd7 26. Na4
Re6 27. e5 Rxe5 28. Nb6 Re8 29. Bf1 a4 30. Kg2 $44 {at one moment White will
take the rook, and with the pair of bishops and a pawn on d6, he shoudn't be
in any danger.}) 25. Na4 Nxd6 26. cxd6 Rd7 27. Nb6 $44 {The position is
interesting; it seems that the compensation is enough. For example:} Rdd8 28.
Be3 f6 29. Bf1 g5 30. Kg1 Kg7 31. Kf2) 24... Nb2 ({Black can try} 24... Rd7 $5
25. Rxd7 Bxd7 26. Rb1 Ncd2 27. Rd1 Be6 {and Black's pieces are very active.})
25. Rd6 Nc4 $11) 20. Rb1 $1 {Finally White has found right places for his
pieces. Now b3-b4 is a threat.} Nba6 ({If} 20... Qc7 {White has no need to
hurry} 21. Rfd1) 21. Rfd1 {Now all the white pieces are on their places, and
Black has to be ready to hold both problems - the weakness of d-pawn and the
threat of b3-b4, putting more stress on Black's position.} f5 $2 $138 {Here
Black had less then 5 minutes, and time trouble of course is the father of
this and further mistakes; but the bad position is their mother.} ({Black has
to show patience and wait for a new chance} 21... Qc7 {but of course, White
has the advantage} 22. Qd2 $5 $16 {(xd6, /\b3-b4).}) 22. b4 $1 {Winning the
piece} ({Good enough is} 22. exf5 $1 Bxd4 $5 ({Just bad is} 22... Bxf5 23. Nxf5
gxf5 24. Bh3 $5 f4 25. Ne4 $18) ({Or} 22... gxf5 23. Bh3 $1 {and Black can't
defend the position, for example:} Rf7 ({If} 23... f4 {then} 24. Bxc8 Rxc8 25.
Nf5 $18) ({Or} 23... Rf8 24. b4 axb4 25. axb4 Nxb4 26. Qb2 $18) 24. Bxf5 Bxd4 (
24... Bxf5 {is no better:} 25. Nxf5 Rxf5 26. Qxf5 Bxc3 27. b4 axb4 28. axb4
Nxb4 29. Rxd6 $18) 25. Bxh7+ $1 Rxh7 26. Qg6+ $18) 23. Rxd4 Bxf5 24. Ne4 $16 {
Some resistance of course is still possible, but the position looks horrible.}
Bxe4 25. fxe4 Qc7 26. Rbd1) {The next moves are forced:} 22... axb4 23. axb4
Nxb4 24. Qb2 fxe4 25. Qxb4 Qxb4 26. Rxb4 $16 {Two pawns, and activity of the
pieces could be enough compensation for the piece, but here one white pawn
controls three black, and Black hasn't any direct threats. That is why White
has a big advantage.} exf3 ({Or} 26... e3 27. Nce2 $16) ({If} 26... Nd3 {then}
27. Rb6 $5 exf3 28. Rxd3 fxg2+ 29. Kxg2 $16) 27. Bxf3 Re3 $2 {The exchange of
pieces is in White's favour. Black should try to play with all the pieces on
the board, but White has the advantage anyway.} ({For example} 27... Bh3 $5 28.
Rbb1 $16) ({or} 27... Be6 $5 28. Kg2 $16) ({Interesting is} 27... Nd7 $5 28.
Rb3 Ne5 29. Be2 Ng4 30. Bf1 Ne3 31. Bxe3 Rxe3 32. Kg2 $16) 28. Bxe3 Rxe3 29.
Nce2 $1 (29. Bxc6 $6 {would be less accurate,} {because of} Bg4 $1 30. Bd5+ Kh8
31. Nce2 Bxe2 32. Nxe2 Rxe2 33. Bf3 Rf2 34. Bxb7 Be5 $16 {with such activity,
and opposite coloured bishops on the board, Black has a real chance to save
the game.}) 29... Nd3 30. Rbb1 Ne5 $2 {The last mistake} ({He had to play} 
30... Nf2+ 31. Kg2 Nxd1 32. Rxd1) 31. Ng1 $1 {This is the forced win, but here
there are already a few moves which lead to the goal.} Nd3 32. Rxd3 $1 Rxd3 33.
Nxc6 $1 $18 {Now it's over.} bxc6 34. Rb8 Bd4 35. Rxc8+ Kg7 36. Ne2 $1 {
A final accurate move. Black resigned.} 1-0